Cien años de soledad /

Salvato in:
Dettagli Bibliografici
Autore principale: García Márquez, Gabriel 1928-2014
Natura: Sconosciuto
Lingua:Spanish
Pubblicazione: Bogotá, Colombia: La oveja negra, c1979.
Edizione:4 edición
Soggetti:
Tags: Aggiungi Tag
Nessun Tag, puoi essere il primo ad aggiungerne!!

MARC

LEADER 000000000a22000000004500
001 000764
008 160916s1979 cl |||||r|||| 00| f spa d
040 |a CIICLA - UCR 
041 0 |a español 
082 |a C863.4  |b G216c4 
100 1 |a García Márquez, Gabriel  |d 1928-2014 
245 1 0 |a Cien años de soledad /  |c Gabriel García Márquez 
250 |a 4 edición 
260 |a Bogotá, Colombia:   |b La oveja negra,   |c c1979. 
300 |a 294 páginas 
500 |a Número de inscripción 00687 
650 1 4 |a LITERATURA COLOMBIANA  |v NOVELA 
942 |2 ddc  |c BK 
999 |c 1539  |d 1539